Statistics for 6 Letter Cities A-Z

Click here to take the quiz!

General Stats

  • This quiz has been taken 62 times
    (36 since last reset)
  • The average score is 19 of 26

Answer Stats

First LetterLocationCity% Correct
HCubaHavana
100%
OCanadaOttawa
100%
WPolandWarsaw
100%
ATurkeyAnkara
97%
DIrelandDublin
97%
GSwitzerlandGeneva
97%
PCzech RepublicPrague
97%
ZCroatiaZagreb
97%
MPhillippinesManila
94%
SAustraliaSydney
94%
TIranTehran
94%
VItalyVenice
94%
BUnited StatesBoston
84%
LAngolaLuanda
72%
KRwandaKigali
69%
YMyanmarYangon
69%
JIndiaJaipur
63%
NJapanNagoya
56%
RBrazilRecife
56%
FUnited StatesFresno
50%
EUnited StatesEl Paso
47%
CAustraliaCairns
44%
INigeriaIbadan
44%
XChinaXiamen
44%
UChinaÜrümqi
38%
QPakistanQuetta
31%

Score Distribution

Percentile by Number Answered

Percent of People with Each Score

Your Score History

You have not taken this quiz since the last reset